<?xml version="1.0" encoding="UTF-8"?>
<collection xmlns="http://www.loc.gov/MARC21/slim">
    <record>
        <controlfield tag="001">71149</controlfield>
        <controlfield tag="005">20180723131433.0</controlfield>
        <datafield tag="037" ind1=" " ind2=" ">
            <subfield code="a">TAZ-TFG-2018-1475</subfield>
        </datafield>
        <datafield tag="041" ind1=" " ind2=" ">
            <subfield code="a">spa</subfield>
        </datafield>
        <datafield tag="100" ind1="1" ind2=" ">
            <subfield code="a">López Lanau, Sergio</subfield>
        </datafield>
        <datafield tag="242" ind1="0" ind2="0">
            <subfield code="a">Control of salmonellosis in the nursery period</subfield>
        </datafield>
        <datafield tag="245" ind1="0" ind2="0">
            <subfield code="a">Control de la salmonelosis en el periodo de transición</subfield>
        </datafield>
        <datafield tag="260" ind1=" " ind2=" ">
            <subfield code="a">Zaragoza</subfield>
            <subfield code="b">Universidad de Zaragoza</subfield>
            <subfield code="c">2018</subfield>
        </datafield>
        <datafield tag="506" ind1=" " ind2=" ">
            <subfield code="a">by-nc-sa</subfield>
            <subfield code="b">Creative Commons</subfield>
            <subfield code="c">3.0</subfield>
            <subfield code="u">http://creativecommons.org/licenses/by-nc-sa/3.0/</subfield>
        </datafield>
        <datafield tag="520" ind1=" " ind2=" ">
            <subfield code="a">La salmonelosis es una de las enfermedades zoonóticas transmitidas por alimentos que más prevalencia presenta en todo el mundo. Una de las principales fuentes de infección para los humanos es el consumo de carne de cerdo contaminada, principalmente por el serotipo S. Typhimurium. El aumento relativo del porcentaje de casos relacionados con el consumo de productos cárnicos del cerdo, en parte asociado con la reducción de la prevalencia en aves tras la implantación de planes de control, ha propiciado un aumento en la preocupación en el sector. Además, esta problemática se ha visto acentuada por la reducción del uso profiláctico e indiscriminado de antimicrobianos en las explotaciones debido a la aparición de numerosos microorganismos resistentes. Todo ello ha propiciado la búsqueda de productos alternativos a los antibióticos (probióticos, prebióticos, acidificantes, extractos naturales, alimentación pre-fermentada, etc.) con resultados muy dispares. Este estudio busca evaluar la efectividad de dos ácidos orgánicos añadidos al pienso como son el ácido butírico encapsulado (DICOSAN+, Norel SA, Madrid) y ácido fórmico monoesterificado (MOLI MC1, Molimen SL, Barcelona) comparándolos con un tratamiento convencional con óxido de zinc y amoxicilina. Para ello, se realizó un ensayo de campo en una explotación comercial de cerdos, llevando a cabo tres muestreos a un total de noventa animales (30 por grupo) en el periodo de transición e inicio del cebo. No se observaron diferencias significativas entre los resultados obtenidos, tanto como por análisis serológico como por cultivo bacteriológico, entre los grupos con un tratamiento alternativo y el tratamiento convencional. Sin embargo, la constatación de la presencia de Salmonella en la nave de transición sugiere que ambos tratamientos presentaron una eficacia similar al grupo control. Para confirmar estos resultados, será necesario realizar más estudios de este tipo.</subfield>
        </datafield>
        <datafield tag="521" ind1=" " ind2=" ">
            <subfield code="a">Graduado en Veterinaria</subfield>
        </datafield>
        <datafield tag="540" ind1=" " ind2=" ">
            <subfield code="a">Derechos regulados por licencia Creative Commons</subfield>
        </datafield>
        <datafield tag="700" ind1=" " ind2=" ">
            <subfield code="a">Mainar Jaime, Raúl Carlos </subfield>
            <subfield code="e">dir.</subfield>
        </datafield>
        <datafield tag="700" ind1=" " ind2=" ">
            <subfield code="a">Casanova Higes, Alejandro</subfield>
            <subfield code="e">dir.</subfield>
        </datafield>
        <datafield tag="710" ind1="2" ind2=" ">
            <subfield code="a">Universidad de Zaragoza</subfield>
            <subfield code="b">Patología Animal</subfield>
            <subfield code="c">Sanidad Animal</subfield>
        </datafield>
        <datafield tag="856" ind1="0" ind2=" ">
            <subfield code="f">681009@celes.unizar.es</subfield>
        </datafield>
        <datafield tag="856" ind1="4" ind2=" ">
            <subfield code="s">774076</subfield>
            <subfield code="u">http://zaguan.unizar.es/record/71149/files/TAZ-TFG-2018-1475.pdf</subfield>
            <subfield code="y">Memoria (spa)</subfield>
        </datafield>
        <datafield tag="909" ind1="C" ind2="O">
            <subfield code="o">oai:zaguan.unizar.es:71149</subfield>
            <subfield code="p">driver</subfield>
            <subfield code="p">trabajos-fin-grado</subfield>
        </datafield>
        <datafield tag="950" ind1=" " ind2=" ">
            <subfield code="a"></subfield>
        </datafield>
        <datafield tag="951" ind1=" " ind2=" ">
            <subfield code="a">deposita:2018-07-23</subfield>
        </datafield>
        <datafield tag="980" ind1=" " ind2=" ">
            <subfield code="a">TAZ</subfield>
            <subfield code="b">TFG</subfield>
            <subfield code="c">VET</subfield>
        </datafield>
        <datafield tag="999" ind1=" " ind2=" ">
            <subfield code="a">20180617224644.CREATION_DATE</subfield>
        </datafield>
    </record>

    
</collection>